000 00664nam a2200217 4500
003 OSt
005 20240704020126.0
006 a
008 240704b |||||||| |||| 00| 0 eng d
020 _a9780132191043
040 _aDWCL-Main lib.
_cOC
082 _2Eleventh edition
_aCirc. 631.4 G221s 2008
100 _aGardiner, Duane T.
245 _aSoils in our environment /
250 _aEleventh edition
260 _aN. J. :
_bPearson Education Inc.,
_cc2008.
300 _axviii,
_b600 p. : ill. ;
_c26 cm.
504 _aIncludes bibliographical references and index.
650 _a1. Soil science.
942 _2ddc
_n0
_cBK-CIRC
_eEleventh edition
_kCirc.
999 _c1920
_d1920